Apt Word Explorer/ (Record no. 189106)

MARC details
000 -LEADER
fixed length control field 00515nam a22001817a 4500
005 - DATE AND TIME OF LATEST TRANSACTION
control field 20220620104025.0
010 ## - LCCN (DPL NO)
LC control number ENG-133263
020 ## - INTERNATIONAL STANDARD BOOK NUMBER
International Standard Book Number 978817525663
Terms of availability 999.00
035 ## - SYSTEM CONTROL NUMBER
System control number EN-116795
037 ## - SOURCE OF ACQUISITION
Source of stock number/acquisition DBAD/PUB
082 ## - DEWEY DECIMAL CLASSIFICATION NUMBER
Classification number 485
100 ## - MAIN ENTRY--PERSONAL NAME
Personal name Prakash, Satya
245 ## - TITLE STATEMENT
Title Apt Word Explorer/
Statement of responsibility, etc Satya Prakash
260 ## - PUBLICATION, DISTRIBUTION, ETC. (IMPRINT)
Place of publication, distribution, etc New Delhi
Name of publisher, distributor, etc KVD Publications
Date of publication, distribution, etc 2006
270 ## - ADDRESS
Address 700/701-A, Lado Sarai, Opp. Golf Course
City New Delhi
Postal code 110030
300 ## - PHYSICAL DESCRIPTION
Extent 532p.
Dimensions 21cm(hbk)
942 ## - ADDED ENTRY ELEMENTS (KOHA)
Source of classification or shelving scheme Dewey Decimal Classification
Item type English Books
Classification part 485
Call number suffix PRA
Holdings
Withdrawn status Lost status Not for loan Collection code Home library Current library Date acquired Source of acquisition Cost, normal purchase price Full call number Barcode Copy number Cost, replacement price Koha item type
      Non-fiction Bawana Bawana 20/06/2022 DBAD/PUB 999.00 485 PRA EN-116795 1 999.00 English Books

© Delhi Public Library
Hit Counter
free hit counter